| 000 | 00887nam a2200265Ia 4500 | ||
|---|---|---|---|
| 003 | OSt | ||
| 005 | 20221005083944.0 | ||
| 006 | a|||||r|||| 00| 0 | ||
| 007 | ta | ||
| 008 | 221004b |||||||| |||| 00| 0 eng d | ||
| 020 |
_a9780300215922 (hbk) _cUSD 40.00 |
||
| 024 | _a34987 | ||
| 037 |
_b1396, 08/09/2017, Bright Book Service _cTextual |
||
| 040 |
_aCRL _cCRL _beng |
||
| 041 |
_2eng _aeng |
||
| 082 | _aV2z7, Q7 | ||
| 100 |
_aGanguly Sumit Au. _9586203 |
||
| 245 | 0 |
_aAscending India and its state capacity _b extraction, violence and legitimacy |
|
| 260 |
_aNew Haven _bYale University Press USA _c2017 |
||
| 300 |
_aviii,338p. _ccm. |
||
| 650 | _aINDIA - HISTORY | ||
| 700 |
_a Thompson William R. Au. _9612934 |
||
| 942 |
_hV2z7, Q7 _cTEXL _2cc |
||
| 999 |
_c991823 _d991823 |
||